Historia por Letra - M - Estadísticas

Estadísticas generales
  • Esta prueba ha sido intentada 6.403 veces
  • La puntuación promedio es 11 de 19
Estadísticas de respuestas
Pista Respuesta % Correcto
Pintor de la Capilla Sixtina Miguel Ángel
94%
Autor del Manifiesto Comunista Karl Marx
88%
Considerado por los musulmanes como el último profeta Mahoma
88%
Niño prodigio y compositor austriaco Wolfgang Amadeus Mozart
86%
Famosa ciudad incaica en Perú Machu Picchu
81%
La civilización mesoamericana, famosa por su preciso calendario Maya
78%
La civilización entre el Tigris y el Éufrates Mesopotamia
77%
Primer presidente negro de Sudáfrica Nelson Mandela
76%
La primera ciudad industrializada del mundo Manchester
65%
Decapitada la Reina de los Escoceses María
58%
El proyecto de los Estados Unidos para construir la bomba atómica Proyecto {Manhattan}
55%
La ciudad que marcó el punto más oriental de las conquistas de Napoleón Moscú
53%
La influyente casa florentina que produjo 4 papas Médici
50%
El grupo musulmán que alguna vez gobernó España Moros
42%
El movmiento religioso que fue fundado por Joseph Smith Mormonismo
37%
El inventor italiano de la radio Guillermo Marconi
32%
Autor de la Carta de Derechos de los Estados Unidos James Madison
16%
El primer auto producido en masa de Ford Modelo T
16%
Imperio indio de 1526 a 1867, con Agra como su capital Mogol
15%
No se encontraron pruebas coincidentes
Distribución de puntuación
Porcentaje de gente con cada puntuación
Porcentaje por número respondido
Historial de tus puntuaciones
No has intentado esta prueba.